000 00659nam a2200277Ia 4500
005 20260324145536.0
008 008 260324s9999 xx 000 0 eng d
020 _a9781003418108
037 _aEBOOK
040 _aCRL
040 _beng
040 _cCRL
041 _2eng
041 _aeng
084 _qCRL
100 _aWilliam H. Middendorf
_91205504
245 0 _aWhat Every Engineer Should Know about Inventing
260 _bTaylor and Francis
260 _c1981
365 _a
365 _b89.99
856 _uhttp://www.taylorfrancis.com/books/9781003418108
942 _cEBOOK
999 _c1831390
_d1831390